000 00610nam a2200229Ia 4500
003 OSt
005 20220923230054.0
006 a|||||r|||| 00| 0
007 ta
008 Pun
024 _a277,144
037 _cTextual
040 _aARTS
_cARTS
_bPun
041 _2Pun
_aPun
082 _aO153,3N08x, H1
100 _aਸੇਖੋ੍ਵ, ਸੰਤ ਸਿੰਘ
_9156310
245 0 _aਨੌਨਿਧਾਂ
260 _c1941
650 _aਪੰਜਾਬੀ ਸਾਹਿਤ
942 _hO153,3N08x, H1
_cTEXL
_2CC
999 _c382268
_d382268